Tous les groupes de la coupe du monde 2022. - Statistiques

Statistiques générales
  • Ce quiz a été pris 84 fois
  • Le résultat moyen est 27 sur 32
Statistiques - réponses
Réponse % Correct
Espagne
100%
France
100%
Argentine
99%
Angleterre
96%
Maroc
96%
Belgique
94%
Brésil
94%
Pays-Bas
94%
Portugal
94%
Allemagne
93%
Japon
92%
USA
90%
Australie
89%
Canada
89%
Qatar
89%
Mexique
87%
Uruguay
87%
Suisse
86%
Danemark
85%
Arabie Saoudite
83%
Corée du Sud
83%
Sénégal
83%
Tunisie
83%
Croatie
80%
Pologne
79%
Cameroun
77%
Equateur
75%
Costa Rica
66%
Ghana
66%
Serbie
65%
Iran
63%
Pays de Galles
55%
Aucun quiz correspondant
Distribution des résultats
% des personnes avec chaque résultat
Percentile par nombre de réponses
Votre historique - résultats
Vous n’avez pas pris ce quiz